Normal view
MARC view
- Supervisor Dr. Azhar Ul Haq
Entry Corporate Name
001 - CONTROL NUMBER
- control field: 84413
003 - CONTROL NUMBER IDENTIFIER
- control field: NUST
005 - DATE AND TIME OF LATEST TRANSACTION
- control field: 20211117152453.0
008 - FIXED-LENGTH DATA ELEMENTS
- fixed length control field: 211117|| aca||aabn | a|a d
040 ## - CATALOGING SOURCE
- Original cataloging agency: NUST
- Transcribing agency: NUST
110 ## - HEADING--CORPORATE NAME
- Corporate name or jurisdiction name as entry element: Supervisor Dr. Azhar Ul Haq
670 ## - SOURCE DATA FOUND
- Source citation: Work cat.: (NUST): Muhammad Uzair 84412, TH-SOF-1896-The Nonlinear Model of Fourth Order Class-D Amplifier Using Dynamic Sliding Mode Controller, 2021.
